00726nam a2200205Ia 4500003000900000008004100009020001800050040001600068080001700084245011700101260003400218300001500252650001800267650002200285650002300307700007200330942000700402999001700409952009400426IN-BaIIA211028s9999 xx 000 0 eng d a0-333-75088-8 cIIA Library a(031)52bMUR 0aEncyclopedia of astronomy and astrophysicsbvol 3cedited by P. Murdin  aBristolbIOP Publishingc2001 a1899-2824p aastronomy980 aastrophysics9794 aencyclopedia91112 aMurdin, P., ed. 924522 cBK c13994d13994 00104070aBANbBANcGENd0000-00-00l0o(031)52/ MURp14914r2021-11-05w0000-00-00yBK